00579nam a2200217 a 450000500170000000800410001704000150005808200140007324500220008724500160010926000190012526000480014426000110019230000100020330000140021330000100022733600210023733700250025833800230028365000550030620190601202302.0190601b my ||||| |||| 00| 0 eng d aPPAKcPPAK a895.1221 aThe Chinese PEN : bAutumn 1994 aTaipei, Taiwan bTaipei Chinese Center, International P.E.N. c[n.d.] a118p. bcol. ill. c21cm. 2rdacontentatext 2rdamediaaunmediated 2rdacarrieravolume aShort stories, Chinese - Translations into English